Samtliche werke. (Record no. 91502)
[ view plain ]
| 000 -LEADER | |
|---|---|
| fixed length control field | 00452cam a2200169u 4500 |
| 001 - CONTROL NUMBER | |
| control field | unk84003638 |
| 003 - CONTROL NUMBER IDENTIFIER | |
| control field | DLC |
| 005 - DATE AND TIME OF LATEST TRANSACTION | |
| control field | 20260227112801.0 |
| 008 - FIXED-LENGTH DATA ELEMENTS--GENERAL INFORMATION | |
| fixed length control field | 840418s1939 ge 000 0 ger |
| 010 ## - LIBRARY OF CONGRESS CONTROL NUMBER | |
| LC control number | unk84003638 |
| 040 ## - CATALOGING SOURCE | |
| Original cataloging agency | DLC |
| Transcribing agency | CarP |
| Modifying agency | DLC |
| 050 00 - LIBRARY OF CONGRESS CALL NUMBER | |
| Classification number | PT1848 |
| Item number | .A1 1939 |
| 100 1# - MAIN ENTRY--PERSONAL NAME | |
| Personal name | Droste-Hülshoff, Annette von, |
| Dates associated with a name | 1797-1848. |
| 245 10 - TITLE STATEMENT | |
| Title | Samtliche werke. |
| 260 ## - PUBLICATION, DISTRIBUTION, ETC. | |
| Place of publication, distribution, etc. | Leipzig, |
| Name of publisher, distributor, etc. | Im Insel-verlag, |
| Date of publication, distribution, etc. | 1939. |
| 300 ## - PHYSICAL DESCRIPTION | |
| Extent | 2 p.l., 993 p. |
| Dimensions | 18 cm. |
No items available.